Quizzes
Events
Quiz Creation
Community
Videos
Private Events
Remove Ads
Sign In
Join for FREE
Feedback
Dark Mode
Quiz Categories
Sports
Geography
Music
Movies
Television
Just For Fun
Miscellaneous
History
Literature
Language
Science
Gaming
Entertainment
Religion
Holiday
For Kids
Quiz Lab
Recent
Popular Today
Quiz Kudos Today
Editor Picks
Curator Picks
Quizzes by...
Day
Popularity
Type
Ratings
Length
Year
Community
Subscriptions
Recent Discussions
Orange Saloon
Badges
Playlists
Quests
Create
Leaderboards
Showdown
Live 5
Trivia Bingo
Activity
Puzzle Library
Sporcle Events
Private Events
Virtual Trivia
Globe League
Become a Host
Pub Owners
SporcleCon
Opinionation
Our Games
Videos
Blog
Mobile Apps
Partnerships
Remove Ads and Go Orange
Feedback
Sports
Athletes
MLB
NBA
NHL
NFL
Soccer
Sports Teams
WWE
NCAA
Football
Premier League
Basketball
Baseball
Hockey
Golf
Tennis
Cricket
Rugby
Auto Racing
Olympics
World Cup
Sports
Athletes
MLB
NBA
NHL
NFL
Soccer
Sports Teams
WWE
NCAA
Football
Premier League
Basketball
Baseball
Hockey
Golf
Tennis
Cricket
Rugby
Auto Racing
Olympics
World Cup
Random Quiz
Search Sporcle
×
Quiz Lab
Quiz Lab
Sports
Soccer
Type in answers that appear in a list
Type in answers that appear in a list
Classic
Best Score? Go Orange.
At least one game for england since 2015(17.9.19) Stats
Can you name all 68 players who played for the english football national team since 2015?
By
gabs289
15m
68 Questions
392 Plays
392 Plays
392 Plays
Comments
Comments
Give Quiz Kudos
Give Quiz Kudos
-
- Ratings
hide this ad
More Info
Replay
Link that replays current quiz
Next Quiz
Link to next quiz in quiz playlist
You Got
0%
They Got
Avg Score
71%
Avg Friend Score
Upgrade to see
Score Distribution
Jump to the score distribution portion of the page
Score
0/68
Timer
15:00
0
Plays Today
altogether games for England
Name
% Correct
120
Wayne Rooney
98.7%
41
Harry Kane
97.2%
53
Jordan Henderson
96.9%
75
Joe Hart
95.9%
61
James Milner
94.9%
53
Raheem Sterling
94.4%
48
Kyle Walker
92.1%
26
Jamie Vardy
91.8%
61
Gary Cahill
91.8%
38
John Stones
91.1%
37
Dele Alli
90.3%
34
Marcus Rashford
89.3%
27
Phil Jones
88.8%
7
Trent Alexander-Arnold
88.3%
31
Chris Smalling
87.8%
8
Jadon Sancho
86.2%
17
Kieran Trippier
86%
40
Eric Dier
85.7%
28
Danny Rose
83.9%
26
Daniel Sturridge
83.7%
34
Michael Carrick
83.7%
21
Jordan Pickford
83.4%
24
Jesse Lingard
83.2%
57
Jermain Defoe
83.2%
22
Harry Maguire
82.1%
47
Theo Walcott
81.9%
34
Adam Lallana
79.6%
8
Luke Shaw
79.1%
30
Leighton Baines
79.1%
42
Danny Welbeck
78.8%
31
Ross Barkley
76.8%
3
Callum Wilson
76.5%
39
Ashley Young
75.5%
3
Harry Winks
74.2%
altogether games for England
Name
% Correct
40
Phil Jagielka
74.2%
32
Alex Oxlade-Chamberlain
73.5%
1
Nick Pope
70.7%
20
Fabian Delph
69.9%
10
Ruben Loftus-Cheek
68.1%
7
Joe Gomez
68.1%
3
Tom Heaton
67.3%
9
Michael Keane
66.3%
9
Jack Butland
66.3%
34
Jack Wilshere
66.1%
2
James Ward-Prowse
65.1%
14
Nathaniel Clyne
63.3%
8
Ben Chilwell
63%
6
Fraser Forster
63%
3
Danny Drinkwater
62.8%
13
Andros Townsend
62%
2
Callum Hudson-Odoi
59.9%
1
Danny Ings
59.9%
19
Ryan Bertrand
59.4%
2
James Tarkowski
58.9%
5
Declan Rice
57.1%
2
Tammy Abraham
57.1%
1
Ryan Mason
55.1%
6
Jonjo Shelvey
55.1%
1
Lewis Dunk
53.6%
1
Lewis Cook
52.3%
1
Nathan Redmond
51.3%
3
Aaron Cresswell
45.4%
7
Jake Livermore
40.3%
1
Dominic Solanke
38.8%
10
Kieran Gibbs
36%
1
Jack Cork
35.2%
1
Alex McCarthy
31.1%
1
Nathaniel Chalobah
29.6%
Quiz Playlist
Details
Report
Send in Message
Add To Playlist
More Info:
Only considers players who played at least in one match for England since 1.1.2015! Last updated:17.09.2019 Current club = at the moment of April 2019
Classic:
Type in answers that appear in a list
Last Updated: Sep 17, 2019
Quiz Scoreboard
CHALLENGE
Sign Up to Join the Scoreboard
Show All
Scores
Hide
Comments
May contain spoilers
Recently Published
9x9 Crossword: Cartoon Network
by jackfrog10
Miscellaneous
3m
College Basketball Coaching Resumes
by pancakes188
Sports
9m
Billboard Blitz: Fleetwood Mac
by CooCooCachoo
Music
15s
More to Explore
Quiz From the Vault
Featured Blog Post
Where Did the Easter Bunny Come From?
hide this ad
You Might Also Like...
Tags
Premier League Quiz
Soccer Quiz
2015
2019
club
England
England FIFA
England Football
least
Player
team
Today's Top Quizzes in Sports
Browse Sports
hide this ad
Today's Top Quizzes in Soccer
Browse Soccer
Top Contributed Quizzes in Sports
1
2022 World Cup Stars
2
Les meilleurs buteurs des matchs entre le PSG et l’OM
3
FIFA Club World Cup Champions
4
Les entraîneurs de l'OM et du PSG au 21e siècle
5
Criteria MLB: Left Handed Sluggers
6
AFC Teams Reveal (Wrong Answers Minefield)
7
2023 MLB Unique Player Accomplishments
8
5-to-1: FBS Animal Nicknames
9
Players with Multiple 50 Home Run Seasons
10
5-to-1: UK Sports Teams
Explore More
Trending Topics
NBA
Crossword
Anime
Harry Potter
Marvel
Kpop
Disney
Country
Soccer
Pokémon
WWE
The Office
Song
NFL
Puzzle
hide this ad
More By:
gabs289
Quiz
Plays
Rating
Category
Featured
Created
Top 270 Most Expensive Transfers in Soccer
29,849
4.88
Sports
Nov 14, 2019
34+ Goals and Assists in 1 Season in Top 5 Leagues
15,664
4.96
Sports
May 5, 2020
Top-10 Goalscorers per Team in Champions League
9,543
5.00
Sports
May 3, 2020
Oldest Champions League Goalscorers since 2010
7,313
4.87
Sports
Oct 11, 2020
Top-Goalscorers of the Top-5-Leagues 2010-2022
4,979
5.00
Sports
Apr 19, 2020
Go to Creator's Profile
Score Distribution
Quiz Creator Spotlight
gabs289
Follow
Send a Message
Quizzes Created
-
Created Quiz Play Count
-
More By This Creator
Popular Quizzes Today
1
Find the US States - No Outlines Minefield
2
Find the Countries of Europe - No Outlines Minefield
3
The Countries of the World
4
Find the US States
5
Risky Map Clicking: Biggest States A-Z
6
US States
7
Popular People in 1961
8
Movies - When Are They Set?
More Sports Quizzes
Affiliated Minor League Teams - 2020
Quiz Lab
Trending Quizzes
Risky Map Clicking: Least Populous States A-Z
1-10 Letter G Words
1-10 Letter F Words
Risky Map Clicking: Next State Alphabetically
Adjectives in 80s TV Shows
Recently Updated
Leaping Animals
pecheneg
Reality TV Shows (A-Z)
bhenderson79
Rickey Henderson's Hall of Fame Teammates
pecheneg
Champions League XIs: Arsenal
pecheneg
Quick Pick: Celebrities in WWE's Hall of Fame
aduchscher
A-Z Keypad Blitz II
pecheneg
Multiple Oscar Actors
pecheneg
Mystery Phrase Blitz: Oscar 'Best Actors'
pecheneg
F. Scott Fitzgerald Novels
LTH
Pick 3 Villains
ddd62291
Trending Topics
Harry Potter
Anime
Disney
NBA
Crossword
Kpop
Marvel
Soccer
WWE
Pokémon
Puzzle
NFL
The Office
Country
Song
Your Account Isn't Verified!
In order to create a playlist on Sporcle, you need to verify the email address you used during registration. Go to your
Sporcle Settings
to finish the process.
Report this User
Report this user for behavior that violates our
Community Guidelines
.
Details:
Send Report
Go to the Sporcle.com Mobile Site →
Comments